[Event "Quebec-ch qual U1800"]
[Site "Montreal CAN"]
[Date "2005.10.08"]
[Round "2"]
[White "Jureidini, Gabriel"]
[Black "Szalay, Karoly"]
[Result "1-0"]
[WhiteElo "1745"]
[BlackElo "1713"]
[PlyCount "59"]
[GameId "2160767910834540"]
[EventDate "2005.10.08"]
[EventType "swiss"]
[EventRounds "3"]
[EventCountry "CAN"]
[SourceTitle "EXT 2009"]
[Source "ChessBase"]
[SourceDate "2008.11.26"]
[SourceVersion "1"]
[SourceVersionDate "2008.11.26"]
[SourceQuality "1"]

1. e4 e5 2. d4 exd4 3. Qxd4 Nc6 4. Qe3 b6 5. Bc4 Bb7 6. Nc3 Bc5 7. Qe2 Nd4 8. Qd3 Ne7 9. Bg5 f6 10. Be3 Nec6 11. Bxd4 Bxd4 12. Nge2 Bc5 13. Qg3 g6 14. O-O-O Ne5 15. Bb3 d6 16. Nf4 Qe7 17. Nfd5 Qg7 18. f4 Nc6 19. Nb5 O-O-O 20. Nbxc7 Nd4 21. Rxd4 Bxd4 22. Ne6 Qh6 23. Nxd4 g5 24. Qc3+ Kb8 25. Nc6+ Bxc6 26. Qxc6 Qg7 27. Nb4 Qb7 28. Bd5 Qc8 29. Qa8+ Kc7 30. Qxa7+ 1-0

[Event "Quebec-ch qual U1800"]
[Site "Montreal CAN"]
[Date "2005.10.08"]
[Round "2"]
[White "Klimczak, Jean"]
[Black "Arseneault, Marc"]
[Result "0-1"]
[WhiteElo "1765"]
[BlackElo "1641"]
[PlyCount "118"]
[GameId "2160767910834542"]
[EventDate "2005.10.08"]
[EventType "swiss"]
[EventRounds "3"]
[EventCountry "CAN"]
[SourceTitle "EXT 2009"]
[Source "ChessBase"]
[SourceDate "2008.11.26"]
[SourceVersion "1"]
[SourceVersionDate "2008.11.26"]
[SourceQuality "1"]

1. d4 Nf6 2. c4 c5 3. d5 d6 4. Nc3 g6 5. Nf3 Bg7 6. g3 a6 7. Bg2 O-O 8. O-O Nbd7 9. Qc2 Rb8 10. a4 Re8 11. b3 b5 12. axb5 axb5 13. Nxb5 Nxd5 14. Bb2 Nb4 15. Qc1 Bxb2 16. Qxb2 Ba6 17. Na3 Qb6 18. Nd2 Nc6 19. e3 Na5 20. Rfb1 Ne5 21. Qc3 Nec6 22. Nc2 Bc8 23. f4 Qc7 24. Rb2 Nb4 25. Nxb4 Rxb4 26. Rba2 Nc6 27. Ra8 Bd7 28. Rxe8+ Bxe8 29. Ra8 Rb8 30. Ra3 Nb4 31. Bf3 Bc6 32. Kf2 Bxf3 33. Nxf3 Qb7 34. Nd2 Qh1 35. Nf1 Qe4 36. Ra1 Ra8 37. Rxa8+ Qxa8 38. Nd2 f6 39. e4 Nc6 40. Qb2 Qa5 41. Ke3 Nd4 42. Kd3 e5 43. Ke3 exf4+ 44. gxf4 Kf7 45. Kd3 h5 46. b4 Qb6 47. b5 Nc6 48. Qa3 Nb4+ 49. Kc3 Qb8 50. Qa5 Ke7 51. b6 Nc6 52. Qa6 Kd7 53. e5 fxe5 54. fxe5 Nxe5 55. Ne4 Nc6 56. Nf6+ Ke6 57. b7 Nd8 58. Nd5 Qxb7 59. Qa1 Qg7+ 0-1

[Event "Quebec-ch qual U1800"]
[Site "Montreal CAN"]
[Date "2005.10.08"]
[Round "2"]
[White "Lanthier, Steve"]
[Black "Brule, Raphael"]
[Result "0-1"]
[WhiteElo "1655"]
[BlackElo "1538"]
[PlyCount "134"]
[GameId "2160767910834543"]
[EventDate "2005.10.08"]
[EventType "swiss"]
[EventRounds "3"]
[EventCountry "CAN"]
[SourceTitle "EXT 2009"]
[Source "ChessBase"]
[SourceDate "2008.11.26"]
[SourceVersion "1"]
[SourceVersionDate "2008.11.26"]
[SourceQuality "1"]

1. e4 Nf6 2. Nc3 d6 3. f4 g6 4. Nf3 Bg7 5. d3 O-O 6. Ne2 c6 7. Ng3 Qb6 8. c3 Nbd7 9. Be2 h5 10. Qb3 Nc5 11. Qxb6 axb6 12. Nd4 e5 13. fxe5 dxe5 14. Nf3 Nb3 15. Rb1 Nxc1 16. Rxc1 Rxa2 17. Rb1 Ne8 18. Bd1 Nc7 19. Bb3 Ra8 20. Ng5 Bf6 21. Nf3 Be6 22. Nd2 Bg5 23. Bxe6 Nxe6 24. Nf3 f6 25. Ne2 Be3 26. Kd1 Nf4 27. Nxf4 Bxf4 28. Ke2 Rfd8 29. g3 Bh6 30. h4 Bf8 31. Rhg1 Ra2 32. Rg2 Rda8 33. Ke3 Ra1 34. Rgg1 Bc5+ 35. d4 exd4+ 36. cxd4 Rxb1 37. Rxb1 Bd6 38. Nd2 Bxg3 39. Rg1 Bxh4 40. Rxg6+ Kh7 41. Rg2 Bg5+ 42. Kd3 Bxd2 43. Kxd2 Rg8 44. Rf2 Rg6 45. d5 Kg7 46. Kd3 cxd5 47. exd5 Kf7 48. Re2 Rg5 49. Kd4 Re5 50. Rf2 Ke7 51. d6+ Ke6 52. Kc4 Rc5+ 53. Kb4 Rc6 54. Rh2 Rxd6 55. Rxh5 f5 56. Rh1 f4 57. Rf1 Kf5 58. Kc3 Ke4 59. Re1+ Kf3 60. Re7 Kf2 61. Rxb7 f3 62. Rf7 Re6 63. Kd3 Re3+ 64. Kd4 Ke2 65. Rf8 f2 66. Rf7 Rf3 67. Re7+ Kd2 0-1

[Event "Quebec-ch qual U1800"]
[Site "Montreal CAN"]
[Date "2005.10.08"]
[Round "2"]
[White "Nguyen, Minh Ly"]
[Black "Perreault, Jacques"]
[Result "1-0"]
[WhiteElo "1666"]
[BlackElo "1538"]
[PlyCount "81"]
[GameId "2160767910834544"]
[EventDate "2005.10.08"]
[EventType "swiss"]
[EventRounds "3"]
[EventCountry "CAN"]
[SourceTitle "EXT 2009"]
[Source "ChessBase"]
[SourceDate "2008.11.26"]
[SourceVersion "1"]
[SourceVersionDate "2008.11.26"]
[SourceQuality "1"]

1. d4 Nf6 2. Nf3 e6 3. Bg5 c5 4. c3 h6 5. Bh4 d5 6. Nbd2 b6 7. e3 Be7 8. Bd3 Nbd7 9. Qe2 Bb7 10. h3 Ne4 11. Bxe7 Qxe7 12. O-O O-O 13. c4 f5 14. cxd5 exd5 15. Bb5 c4 16. Bxd7 Qxd7 17. Ne5 Qe6 18. Rac1 b5 19. Kh2 Nd6 20. f4 b4 21. Rf3 Rac8 22. Rg3 Rf6 23. Rf3 Kh7 24. Qd1 Qe8 25. Qc2 a5 26. g4 g6 27. Rg3 Rc7 28. Rcg1 c3 29. g5 Re6 30. gxh6 Rxe5 31. dxe5 Nb5 32. Nf3 cxb2 33. Qxb2 Na3 34. e6 Rc2+ 35. Qxc2 Nxc2 36. Rxg6 Qxg6 37. Rxg6 Kxg6 38. Ne5+ Kh7 39. e7 Nxe3 40. e8=Q Nf1+ 41. Kg1 1-0

[Event "Quebec-ch qual U1800"]
[Site "Montreal CAN"]
[Date "2005.10.08"]
[Round "2"]
[White "Saziouk, Alexandre"]
[Black "Lawson, Jonathan"]
[Result "0-1"]
[WhiteElo "1708"]
[BlackElo "1640"]
[PlyCount "150"]
[GameId "2160767910834545"]
[EventDate "2005.10.08"]
[EventType "swiss"]
[EventRounds "3"]
[EventCountry "CAN"]
[SourceTitle "EXT 2009"]
[Source "ChessBase"]
[SourceDate "2008.11.26"]
[SourceVersion "1"]
[SourceVersionDate "2008.11.26"]
[SourceQuality "1"]

1. d4 Nf6 2. e3 g6 3. c3 Bg7 4. Bd3 d6 5. f4 c5 6. Nd2 a6 7. Ngf3 b5 8. O-O O-O 9. Qe1 c4 10. Bc2 d5 11. h3 a5 12. Ne5 Na6 13. Qh4 Qe8 14. Ndf3 Ne4 15. Bxe4 dxe4 16. Ng5 h6 17. Nxe4 f6 18. Nf3 Bf5 19. Nf2 b4 20. e4 Bc8 21. Bd2 Bb7 22. Qg3 f5 23. e5 e6 24. Ne1 Kh7 25. Nc2 Qb5 26. Ne3 Rg8 27. h4 Bf8 28. Qh2 Nc7 29. Rab1 Kg7 30. Rfc1 Nd5 31. Nh3 Kf7 32. Qg3 Be7 33. Nf2 Nxe3 34. Bxe3 Rg7 35. b3 cxb3 36. c4 Qc6 37. axb3 Bxh4 38. Qh3 Be7 39. Rd1 Rd8 40. Rb2 a4 41. Rbd2 axb3 42. d5 Qxc4 43. dxe6+ Kxe6 44. Rxd8 Bxd8 45. Qxh6 Qc6 46. Rd6+ Qxd6 47. exd6 b2 48. Qxg7 b1=Q+ 49. Kh2 Bc6 50. Qxg6+ Kd7 51. Bd4 Qc2 52. g4 b3 53. Qxf5+ Qxf5 54. gxf5 Bb6 55. Bb2 Bxf2 56. Kh3 Bf3 57. f6 Kxd6 58. Be5+ Ke6 59. Bb2 Kf5 60. f7 Bc5 61. Kg3 Bd5 62. f8=Q+ Bxf8 63. Kf2 Kxf4 64. Ke2 Bc4+ 65. Kd2 Bb4+ 66. Kc1 Bd3 67. Bh8 Ke3 68. Bf6 Bc2 69. Kb2 Kd3 70. Be5 Bc5 71. Kc1 Be3+ 72. Kb2 Bd4+ 73. Bxd4 Kxd4 74. Kc1 Kc4 75. Kb2 Kb4 0-1

[Event "Quebec-ch qual U1800"]
[Site "Montreal CAN"]
[Date "2005.10.09"]
[Round "3"]
[White "Arseneault, Marc"]
[Black "Jureidini, Gabriel"]
[Result "1/2-1/2"]
[WhiteElo "1641"]
[BlackElo "1745"]
[PlyCount "79"]
[GameId "2160767910834546"]
[EventDate "2005.10.08"]
[EventType "swiss"]
[EventRounds "3"]
[EventCountry "CAN"]
[SourceTitle "EXT 2009"]
[Source "ChessBase"]
[SourceDate "2008.11.26"]
[SourceVersion "1"]
[SourceVersionDate "2008.11.26"]
[SourceQuality "1"]

1. Nf3 d6 2. c4 Nf6 3. d4 Nbd7 4. Nc3 e5 5. dxe5 dxe5 6. e4 c6 7. Bg5 Be7 8. Qc2 Qc7 9. Be2 O-O 10. O-O a5 11. Rad1 Re8 12. Kh1 Nc5 13. b3 Ne6 14. Bc1 Bf8 15. Na4 Nc5 16. Nxc5 Bxc5 17. Ne1 Qe7 18. Bg5 Qe6 19. Bf3 h6 20. Bc1 Qe7 21. Nd3 Bb6 22. c5 Bc7 23. Nb2 Be6 24. Na4 Nd7 25. Be3 Qf6 26. Qe2 Nf8 27. Bg4 g5 28. Bxe6 Qxe6 29. Qh5 Kg7 30. f3 Nh7 31. g4 Rad8 32. Nb2 Rxd1 33. Rxd1 Rd8 34. Rxd8 Bxd8 35. Qh3 Nf8 36. Nc4 Bc7 37. Qg2 a4 38. Qd2 axb3 39. axb3 Ng6 40. Kg1 1/2-1/2

[Event "Quebec-ch qual U1800"]
[Site "Montreal CAN"]
[Date "2005.10.09"]
[Round "3"]
[White "Brule, Raphael"]
[Black "Khudaverdian, Berj"]
[Result "1-0"]
[WhiteElo "1655"]
[BlackElo "1725"]
[PlyCount "123"]
[GameId "2160767910834547"]
[EventDate "2005.10.08"]
[EventType "swiss"]
[EventRounds "3"]
[EventCountry "CAN"]
[SourceTitle "EXT 2009"]
[Source "ChessBase"]
[SourceDate "2008.11.26"]
[SourceVersion "1"]
[SourceVersionDate "2008.11.26"]
[SourceQuality "1"]

1. e4 c5 2. d4 cxd4 3. Nf3 g6 4. Bc4 Bg7 5. Nxd4 e6 6. Nb5 Nc6 7. Nd6+ Kf8 8. O-O Ne5 9. Bb3 Nf6 10. Nxc8 Rxc8 11. Qd6+ Qe7 12. Qxe5 Ng4 13. Qg3 h5 14. Bf4 Qf6 15. Bd6+ Kg8 16. Nc3 e5 17. Ba3 Rxc3 18. bxc3 Bh6 19. Bc1 Bf4 20. Bxf4 exf4 21. Qd3 h4 22. h3 Ne5 23. Qd5 Rh5 24. Qxb7 f3 25. Rad1 fxg2 26. f4 gxf1=Q+ 27. Rxf1 Nc6 28. Qxd7 Rc5 29. e5 Qe7 30. Qxe7 Nxe7 31. Rf3 Nf5 32. Rd3 Rc7 33. e6 fxe6 34. Bxe6+ Kg7 35. Rd7+ Rxd7 36. Bxd7 Ng3 37. Kf2 Ne4+ 38. Kf3 Nxc3 39. Be6 Kf6 40. Bc4 Nd1 41. Bd3 g5 42. c4 gxf4 43. Kxf4 Nb2 44. Be2 Na4 45. Kg4 Nc3 46. Bf3 Nxa2 47. Kxh4 Nb4 48. c5 a5 49. Bd1 Kg6 50. Ba4 Kh6 51. Kg4 Kg7 52. Kf5 Kf7 53. Ke5 Ke7 54. h4 Nd3+ 55. Kd4 Nb2 56. Bb3 a4 57. Bd5 a3 58. c6 Na4 59. h5 Kf6 60. c7 Nb6 61. Ba2 Kg5 62. Kc5 1-0

[Event "Quebec-ch qual U1800"]
[Site "Montreal CAN"]
[Date "2005.10.09"]
[Round "3"]
[White "Cloutier, Richard"]
[Black "Rozybakiyev, Rasul"]
[Result "0-1"]
[WhiteElo "1733"]
[BlackElo "1749"]
[PlyCount "38"]
[GameId "2160767910834548"]
[EventDate "2005.10.08"]
[EventType "swiss"]
[EventRounds "3"]
[EventCountry "CAN"]
[SourceTitle "EXT 2009"]
[Source "ChessBase"]
[SourceDate "2008.11.26"]
[SourceVersion "1"]
[SourceVersionDate "2008.11.26"]
[SourceQuality "1"]

1. e4 c5 2. Nc3 Nc6 3. g3 g6 4. Bg2 Bg7 5. d3 d6 6. Be3 b5 7. e5 Bd7 8. exd6 exd6 9. Nge2 Rb8 10. O-O Nf6 11. Qd2 O-O 12. Bh6 Ne5 13. Bxg7 Kxg7 14. f4 Nc6 15. Ne4 Qe7 16. Rfe1 d5 17. Nxf6 Qxf6 18. Bxd5 Nb4 19. c3 Nxd5 0-1

[Event "Quebec-ch qual U1800"]
[Site "Montreal CAN"]
[Date "2005.10.09"]
[Round "3"]
[White "Lawson, Jonathan"]
[Black "Nguyen, Minh Ly"]
[Result "1-0"]
[WhiteElo "1640"]
[BlackElo "1666"]
[PlyCount "69"]
[GameId "2160767910834550"]
[EventDate "2005.10.08"]
[EventType "swiss"]
[EventRounds "3"]
[EventCountry "CAN"]
[SourceTitle "EXT 2009"]
[Source "ChessBase"]
[SourceDate "2008.11.26"]
[SourceVersion "1"]
[SourceVersionDate "2008.11.26"]
[SourceQuality "1"]

1. e4 d5 2. exd5 Qxd5 3. Nc3 Qa5 4. Bc4 c6 5. d3 Nf6 6. f4 Bg4 7. Nf3 e6 8. h3 Bh5 9. Qe2 Nbd7 10. g4 Nxg4 11. hxg4 Bxg4 12. Qg2 Bxf3 13. Qxf3 Nf6 14. Bd2 Bb4 15. a3 Bxc3 16. Bxc3 Qf5 17. Rg1 Rg8 18. Rg5 Qxg5 19. fxg5 Nd5 20. Bxd5 cxd5 21. Kd2 Rd8 22. Qf4 b6 23. Rf1 Rd7 24. Qb8+ Rd8 25. Qxa7 f5 26. gxf6 gxf6 27. Bxf6 Rg2+ 28. Kc3 d4+ 29. Kb3 Rd7 30. Qb8+ Kf7 31. Be5+ Kg6 32. Qg8+ Rg7 33. Qxg7+ Kh5 34. Rh1+ Rh2 35. Rxh2# 1-0

[Event "Quebec-ch qual U1800"]
[Site "Montreal CAN"]
[Date "2005.10.09"]
[Round "3"]
[White "Pregent, Daniel"]
[Black "Germain, Benoit"]
[Result "1/2-1/2"]
[WhiteElo "1730"]
[BlackElo "1708"]
[PlyCount "124"]
[GameId "2160767910834551"]
[EventDate "2005.10.08"]
[EventType "swiss"]
[EventRounds "3"]
[EventCountry "CAN"]
[SourceTitle "EXT 2009"]
[Source "ChessBase"]
[SourceDate "2008.11.26"]
[SourceVersion "1"]
[SourceVersionDate "2008.11.26"]
[SourceQuality "1"]

1. e4 e5 2. Nf3 Nc6 3. Bc4 Bc5 4. c3 Nf6 5. d3 d6 6. Nbd2 O-O 7. h3 h6 8. Nf1 a5 9. Ne3 Ne7 10. Qc2 Ng6 11. a3 c6 12. d4 Bb6 13. O-O Qe7 14. Re1 Be6 15. Nf5 Qd7 16. Bd3 Rfe8 17. Be3 Bc7 18. Rad1 d5 19. dxe5 Nxe5 20. Nxe5 Bxe5 21. f4 Bc7 22. e5 Nh5 23. g4 c5 24. Qg2 Kh8 25. Nh4 Qe7 26. Nf3 c4 27. Bb1 g6 28. Qc2 Ng7 29. Kg2 Rad8 30. Bd4 b5 31. Kg3 Kg8 32. h4 h5 33. g5 Nf5+ 34. Kg2 b4 35. axb4 axb4 36. Qf2 Nxd4 37. Nxd4 Bb6 38. f5 Bxd4 39. Rxd4 Bd7 40. fxg6 fxg6 41. Bxg6 Rf8 42. Qg3 Bg4 43. Rxg4 hxg4 44. Qxg4 bxc3 45. bxc3 Kg7 46. h5 Qc5 47. Re2 d4 48. cxd4 Rxd4 49. Qg3 Qd5+ 50. Kh2 Rf1 51. Qg2 Qxg2+ 52. Kxg2 Rdd1 53. e6 Rde1 54. Ra2 Rg1+ 55. Kf2 Rgf1+ 56. Kg2 Rg1+ 57. Kh2 Rxg5 58. Ra7+ Kf6 59. Rc7 Re2+ 60. Kh1 Re1+ 61. Kh2 Re2+ 62. Kh1 Re1+ 1/2-1/2

[Event "Quebec-ch qual U1800"]
[Site "Montreal CAN"]
[Date "2005.10.09"]
[Round "3"]
[White "Saziouk, Alexandre"]
[Black "Pilon, Robert"]
[Result "1-0"]
[WhiteElo "1708"]
[BlackElo "1496"]
[PlyCount "49"]
[GameId "2160767910834552"]
[EventDate "2005.10.08"]
[EventType "swiss"]
[EventRounds "3"]
[EventCountry "CAN"]
[SourceTitle "EXT 2009"]
[Source "ChessBase"]
[SourceDate "2008.11.26"]
[SourceVersion "1"]
[SourceVersionDate "2008.11.26"]
[SourceQuality "1"]

1. d4 Nf6 2. c4 e6 3. Nc3 Bb4 4. e3 d5 5. Nf3 c6 6. Bd3 dxc4 7. Bxc4 Nd5 8. Qc2 Nd7 9. O-O N7f6 10. Bd3 h6 11. Ne5 Nd7 12. f4 c5 13. a3 Ba5 14. e4 Nxc3 15. bxc3 cxd4 16. cxd4 Bb6 17. Kh1 Bxd4 18. Rb1 b6 19. Nc6 Qf6 20. e5 Bxe5 21. fxe5 Qh4 22. Rb4 Qh5 23. Rbf4 O-O 24. Be2 Qg6 25. Ne7+ 1-0

[Event "Quebec-ch qual U1800"]
[Site "Montreal CAN"]
[Date "2005.10.09"]
[Round "3"]
[White "Szalay, Karoly"]
[Black "Germain, Max jr"]
[Result "1-0"]
[WhiteElo "1713"]
[BlackElo "1666"]
[PlyCount "113"]
[GameId "2160767910834553"]
[EventDate "2005.10.08"]
[EventType "swiss"]
[EventRounds "3"]
[EventCountry "CAN"]
[SourceTitle "EXT 2009"]
[Source "ChessBase"]
[SourceDate "2008.11.26"]
[SourceVersion "1"]
[SourceVersionDate "2008.11.26"]
[SourceQuality "1"]

1. e4 c5 2. Nf3 Nc6 3. d4 cxd4 4. Nxd4 e5 5. Nb5 d6 6. N1c3 a6 7. Na3 b5 8. Nd5 Nf6 9. Bg5 Be7 10. Bxf6 Bxf6 11. c3 O-O 12. h4 Bb7 13. Nc2 Na5 14. Nce3 Be7 15. g3 Rb8 16. Qd2 Re8 17. Rd1 Bf8 18. f3 Bc8 19. Kf2 Be6 20. b3 Nb7 21. c4 bxc4 22. Bxc4 Nc5 23. b4 Nd7 24. Bxa6 Nb6 25. b5 Nxd5 26. Nxd5 Bxd5 27. Qxd5 Qb6+ 28. Kg2 Re6 29. a4 Rf6 30. Rhf1 Be7 31. Rc1 Qe3 32. Rc7 Bd8 33. Rd7 Bb6 34. Qd1 Qa3 35. Qc2 Qe3 36. Qa2 Rf8 37. a5 Bc5 38. b6 Rg6 39. Kh3 Rf6 40. Qe2 Qh6 41. g4 Rf4 42. Bc4 Kh8 43. b7 g6 44. Bxf7 g5 45. h5 Qf6 46. Kg2 Ba7 47. Qa6 Bb8 48. Qa8 Rd8 49. Rxd8+ Qxd8 50. Rc1 Kg7 51. Rc8 Qd7 52. Rg8+ Kxf7 53. Qxb8 Rxg4+ 54. Kf2 Rf4 55. Qf8+ Ke6 56. Qe8+ Qxe8 57. Rxe8+ 1-0

[Event "Quebec-ch qual U1800"]
[Site "Montreal CAN"]
[Date "2005.10.09"]
[Round "3"]
[White "Xavier-Bonifay, Jean-Luc"]
[Black "Klimczak, Jean"]
[Result "0-1"]
[WhiteElo "1649"]
[BlackElo "1765"]
[PlyCount "76"]
[GameId "2160767910834554"]
[EventDate "2005.10.08"]
[EventType "swiss"]
[EventRounds "3"]
[EventCountry "CAN"]
[SourceTitle "EXT 2009"]
[Source "ChessBase"]
[SourceDate "2008.11.26"]
[SourceVersion "1"]
[SourceVersionDate "2008.11.26"]
[SourceQuality "1"]

1. e4 d5 2. exd5 Qxd5 3. Nc3 Qe5+ 4. Be2 Bg4 5. d4 Qe6 6. Be3 Nf6 7. d5 Qd7 8. Nf3 Bxf3 9. Bxf3 a6 10. O-O g6 11. Qe2 Bg7 12. Rad1 O-O 13. Bc5 Re8 14. Ba3 Qc8 15. Rfe1 Nbd7 16. Bg4 h5 17. Bxd7 Qxd7 18. Ne4 Nxe4 19. Qxe4 Rad8 20. Qb4 Kf8 21. Qxb7 a5 22. Qc6 Qxc6 23. dxc6 Rxd1 24. Rxd1 Be5 25. Rd5 f6 26. g3 Kf7 27. f4 Ke6 28. Rxa5 Bd6 29. Bxd6 Kxd6 30. Kf2 Kxc6 31. Ke2 Rd8 32. a4 Kb6 33. Rb5+ Ka6 34. b4 c6 35. Rc5 Rd6 36. c4 Kb6 37. Ra5 Rd4 38. c5+ Kb7 0-1

[Event "Quebec-ch qual U2000"]
[Site "Montreal CAN"]
[Date "2005.10.08"]
[Round "1"]
[White "Crete, Michel"]
[Black "Muskat, Robert"]
[Result "1/2-1/2"]
[WhiteElo "1848"]
[BlackElo "1981"]
[PlyCount "132"]
[GameId "2160767910834555"]
[EventDate "2005.10.08"]
[EventType "swiss"]
[EventRounds "3"]
[EventCountry "CAN"]
[SourceTitle "EXT 2009"]
[Source "ChessBase"]
[SourceDate "2008.11.26"]
[SourceVersion "1"]
[SourceVersionDate "2008.11.26"]
[SourceQuality "1"]

1. d4 Nf6 2. Nf3 g6 3. Nc3 d5 4. Bf4 Bg7 5. e3 O-O 6. Be2 a6 7. Ne5 c5 8. h4 h5 9. Qd2 Nc6 10. Rd1 cxd4 11. exd4 Bf5 12. O-O Rc8 13. Rfe1 b5 14. Nxc6 Rxc6 15. Bd3 Bxd3 16. Qxd3 b4 17. Ne2 Ne4 18. c3 e6 19. f3 Nd6 20. cxb4 Qxh4 21. b3 Nf5 22. Qd2 Qe7 23. Rc1 Rfc8 24. Rc5 Qb7 25. Rec1 Bf8 26. Rxc6 Rxc6 27. a3 Qb6 28. Rxc6 Qxc6 29. Qc1 Qxc1+ 30. Bxc1 Bg7 31. Bb2 Kf8 32. Kf2 Ke8 33. Ke1 Ne3 34. g3 g5 35. Kd2 Nf5 36. Kd3 Bf8 37. Bc3 Bd6 38. Be1 h4 39. gxh4 gxh4 40. Ng1 Bc7 41. Nh3 Bb6 42. Bf2 Ke7 43. Kc3 Kd7 44. Kd3 Ke8 45. Kc3 f6 46. Kd3 e5 47. dxe5 Bxf2 48. Nxf2 fxe5 49. Nh3 Ke7 50. a4 Nd6 51. Ke3 Kf6 52. Kd3 Kf5 53. Ke3 Ne8 54. Kd3 Nc7 55. Ke3 Ne6 56. b5 axb5 57. axb5 Nc5 58. b6 d4+ 59. Ke2 e4 60. fxe4+ Kxe4 61. Nf2+ Kd5 62. b4 Nd7 63. b7 Kc4 64. Kd2 Kxb4 65. Kd3 Kc5 66. Ne4+ Kc6 1/2-1/2

[Event "Quebec-ch qual U2000"]
[Site "Montreal CAN"]
[Date "2005.10.08"]
[Round "1"]
[White "Lamoureux, Yvon"]
[Black "Kenanu, Dariush"]
[Result "0-1"]
[WhiteElo "1779"]
[BlackElo "1908"]
[PlyCount "118"]
[GameId "2160767910834556"]
[EventDate "2005.10.08"]
[EventType "swiss"]
[EventRounds "3"]
[EventCountry "CAN"]
[SourceTitle "EXT 2009"]
[Source "ChessBase"]
[SourceDate "2008.11.26"]
[SourceVersion "1"]
[SourceVersionDate "2008.11.26"]
[SourceQuality "1"]

1. e4 c5 2. Nf3 d6 3. d4 cxd4 4. Nxd4 Nf6 5. Nc3 a6 6. Be2 e5 7. Nb3 Be7 8. O-O b5 9. a3 Bb7 10. Bf3 O-O 11. Bg5 Nbd7 12. Qe2 Qc7 13. Rad1 Rfe8 14. Bg4 Nxg4 15. Qxg4 Bxg5 16. Qxg5 Nf6 17. f3 h6 18. Qe3 Rac8 19. Rf2 Qb8 20. Nd2 Rc5 21. Nf1 Nh5 22. g3 Nf6 23. g4 Kh7 24. Ng3 Bc8 25. Rg2 b4 26. axb4 Qxb4 27. Rb1 Be6 28. g5 Nd7 29. gxh6 g6 30. Nge2 Rec8 31. h4 f6 32. Kf2 Nb6 33. Rbg1 Bf7 34. h5 Rg8 35. hxg6+ Bxg6 36. Qd3 Ra5 37. Nd1 Nc4 38. b3 Nb6 39. Qc3 Qxc3 40. Nexc3 Rc5 41. Ke3 Rcc8 42. Rh1 f5 43. Rhh2 f4+ 44. Kd2 Bf7 45. Kc1 Rxg2 46. Rxg2 Kxh6 47. Kb2 d5 48. exd5 Nxd5 49. Ne4 Bg6 50. Ndf2 Ne3 51. Rh2+ Kg7 52. c4 Rd8 53. Kc3 Nf5 54. Rh1 Nd4 55. Nd2 Ne2+ 56. Kb4 Rxd2 57. Rd1 Rxd1 58. Nxd1 Nd4 59. c5 Be8 0-1

[Event "Quebec-ch qual U2000"]
[Site "Montreal CAN"]
[Date "2005.10.08"]
[Round "1"]
[White "O'Connor, Michael"]
[Black "Forget, Luc"]
[Result "0-1"]
[WhiteElo "1795"]
[BlackElo "1916"]
[PlyCount "44"]
[GameId "2160767910834557"]
[EventDate "2005.10.08"]
[EventType "swiss"]
[EventRounds "3"]
[EventCountry "CAN"]
[SourceTitle "EXT 2009"]
[Source "ChessBase"]
[SourceDate "2008.11.26"]
[SourceVersion "1"]
[SourceVersionDate "2008.11.26"]
[SourceQuality "1"]

1. d4 Nf6 2. Nf3 e6 3. c4 b6 4. Bg5 Bb7 5. e3 h6 6. Bh4 Bb4+ 7. Nbd2 g5 8. Bg3 g4 9. Ne5 Ne4 10. Qxg4 Bxd2+ 11. Kd1 Qg5 12. Qh3 Nxg3 13. hxg3 Bb4 14. f4 Qg7 15. c5 Nc6 16. Nd3 bxc5 17. a3 cxd4 18. axb4 dxe3 19. b5 Nb4 20. Nxb4 Qxb2 21. Nc2 Qc3 22. Kc1 Be4 0-1

[Event "Quebec-ch qual U2000"]
[Site "Montreal CAN"]
[Date "2005.10.08"]
[Round "2"]
[White "Blais, Richard"]
[Black "Dimev, Kiril"]
[Result "1/2-1/2"]
[WhiteElo "1784"]
[BlackElo "1988"]
[PlyCount "122"]
[GameId "2160767910834558"]
[EventDate "2005.10.08"]
[EventType "swiss"]
[EventRounds "3"]
[EventCountry "CAN"]
[SourceTitle "EXT 2009"]
[Source "ChessBase"]
[SourceDate "2008.11.26"]
[SourceVersion "1"]
[SourceVersionDate "2008.11.26"]
[SourceQuality "1"]

1. e4 e5 2. Bc4 Nf6 3. Nf3 Nc6 4. Ng5 d5 5. exd5 Na5 6. Bb5+ Bd7 7. Qe2 Bd6 8. Bxd7+ Qxd7 9. Nc3 O-O 10. Nge4 Nxe4 11. Nxe4 f5 12. Nxd6 Qxd6 13. Qb5 b6 14. b4 a6 15. Qd3 Qxb4 16. Ba3 Qg4 17. Bxf8 Qxg2 18. O-O-O Rxf8 19. f4 e4 20. Qc3 Qe2 21. Qxc7 Qb5 22. Rhg1 g6 23. Qe5 Nc4 24. Qc3 Re8 25. Qb3 Qxd5 26. d3 exd3 27. cxd3 Ne3 28. Rde1 Rc8+ 29. Kb1 Qxb3+ 30. axb3 Nd5 31. Re5 Nxf4 32. Rxf5 Ne2 33. Rg2 Rc3 34. Rd5 Nf4 35. Rd8+ Kg7 36. Rd2 Rxb3+ 37. Ka2 Rb5 38. d4 Nd5 39. Rb2 Nc3+ 40. Ka3 Nb1+ 41. Ka2 Nc3+ 42. Ka3 Rd5 43. Rxd5 Nxd5 44. Kb3 Kf6 45. Kc4 Ke6 46. Re2+ Kd6 47. Re8 b5+ 48. Kb3 a5 49. Rh8 h5 50. Rg8 Nf4 51. Ra8 Kd5 52. Rxa5 Kxd4 53. Rxb5 h4 54. Kc2 Ke3 55. Kd1 Kf2 56. Rg5 h3 57. Rg3 g5 58. Rxg5 Ng2 59. Rg3 Ne3+ 60. Kc1 Nf1 61. Rxh3 Kg2 1/2-1/2

[Event "Quebec-ch qual U2000"]
[Site "Montreal CAN"]
[Date "2005.10.08"]
[Round "2"]
[White "Campbell, Martin-Alexandre"]
[Black "Daniel, Robert"]
[Result "0-1"]
[WhiteElo "1809"]
[BlackElo "1913"]
[PlyCount "88"]
[GameId "2160767910834559"]
[EventDate "2005.10.08"]
[EventType "swiss"]
[EventRounds "3"]
[EventCountry "CAN"]
[SourceTitle "EXT 2009"]
[Source "ChessBase"]
[SourceDate "2008.11.26"]
[SourceVersion "1"]
[SourceVersionDate "2008.11.26"]
[SourceQuality "1"]

1. e4 Nc6 2. Nf3 g6 3. Bc4 Bg7 4. O-O d6 5. c3 Nf6 6. Re1 O-O 7. d4 e5 8. dxe5 Nxe5 9. Nxe5 dxe5 10. Qxd8 Rxd8 11. Nd2 Ne8 12. Nf3 h6 13. Be3 Nd6 14. Bb3 Bd7 15. Nd2 Bc6 16. f3 Kh7 17. Nc4 f5 18. Nxd6 Rxd6 19. exf5 gxf5 20. Bc5 Rd2 21. Rad1 Rad8 22. Rxd2 Rxd2 23. Bxa7 e4 24. Bb8 Be5 25. fxe4 Bxe4 26. Rd1 Rxg2+ 27. Kf1 Rg7 28. h4 Kg6 29. Bd5 Rd7 30. Bb3 Rxd1+ 31. Bxd1 f4 32. Kf2 Kf5 33. Bf3 Bxf3 34. Kxf3 Ke6 35. Ba7 b6 36. a4 Kd5 37. a5 Kc6 38. b4 Kb7 39. b5 Kxa7 40. a6 Bxc3 41. Kxf4 c6 42. bxc6 Kxa6 43. Ke4 Ka7 44. Kd5 Kb8 0-1